| 000 | 00979nam a2200289 i 4500 | ||
|---|---|---|---|
| 001 | bgj | ||
| 100 | 1 |
_aSHAKESPEARE, William _d(1564-1616) |
|
| 245 | 1 | 0 |
_aThe Tragedy of Hamlet Prince of Denmark / _cWilliam Shakespeare ; edited by Edward Hubler. |
| 260 |
_aNew York [etc.] : _bNew American Library, _cc. 1963. |
||
| 300 |
_aXXX, 271 pp ; _c18 cm. |
||
| 490 | 1 | _aA signet classic / Sylvan Barnet, general editor. The signet classic Shakespeare | |
| 504 | _aBibliography p. 265-271. | ||
| 650 | 9 |
_aEnglish drama _y16th century |
|
| 650 | 9 |
_aTheater _zEngland _y16th century |
|
| 650 | 9 | _aKings and rulers | |
| 650 | 9 | _aMurder victim's families | |
| 650 | 9 | _aPrinces | |
| 650 | 9 | _aRevenge | |
| 651 | 9 | _aDenmark | |
| 655 | _aDrama | ||
| 700 | 1 |
_aHUBLER, Edward. _eeditor |
|
| 830 | 0 |
_aA signet classic (Sylvan Barnet, general editor). _pThe signet classic Shakespeare |
|
| 040 | _cBPK | ||
| 041 | 0 | _aeng | |
| 942 | _cKS | ||
| 008 | s uk f |000 0 eng | ||
| 999 |
_c48029 _d48029 |
||